| 000 | 00350nam a2200145Ia 4500 | ||
|---|---|---|---|
| 008 | 191201s2006 xx 000 0 und d | ||
| 082 |
_a004 _bKUC |
||
| 100 | _aKumar, Sanjeev | ||
| 245 | 0 | _aComputer Applications | |
| 250 | _a3rd | ||
| 260 |
_aN.Delhi _bDhanpat Rai Pubns (P) Ltd _c2006 |
||
| 300 | _a11.15 | ||
| 650 | _aB.Tech(IT) | ||
| 942 |
_2ddc _cBK |
||
| 999 |
_c3142 _d3142 |
||